[Event "ODJM C 2025"]
[Site "Willingen GER"]
[Date "2025.06.11"]
[Round "5"]
[White "Muhl, Jakob"]
[Black "Neumann, Viktoria"]
[Result "1-0"]
[Termination "normal"]
[Board "29"]
[WhiteElo "1510"]
[BlackElo "972"]
[WhiteClock "01:09:21"]
[BlackClock "01:10:04"]
[PlyCount "39"]
[WhiteFideId "34635181"]
[BlackFideId "34697292"]
[EventCountry "GER"]
[EventRounds "9"]
[EventType "swiss"]
[EventDate "2025.06.07"]

1. e4 {[%clk 01:30:57]} {[%emt 00:00:02]} d6 {[%clk 01:30:42]} {[%emt
00:00:18]} 2. d4 {[%clk 01:31:05]} {[%emt 00:00:23]} Nf6 {[%clk 01:31:02]}
{[%emt 00:00:10]} 3. Nc3 {[%clk 01:31:05]} {[%emt 00:00:30]} g6 {[%clk
01:31:06]} {[%emt 00:00:25]} 4. Be3 {[%clk 01:30:55]} {[%emt 00:00:40]} Bg7
{[%clk 01:31:22]} {[%emt 00:00:14]} 5. Qd2 {[%clk 01:30:51]} {[%emt 00:00:35]}
O-O {[%clk 01:30:24]} {[%emt 00:01:27]} 6. O-O-O {[%clk 01:30:52]} {[%emt
00:00:28]} c6 {[%clk 01:29:50]} {[%emt 00:01:04]} 7. f3 {[%clk 01:29:47]}
{[%emt 00:01:36]} b5 {[%clk 01:29:45]} {[%emt 00:00:35]} 8. h4 {[%clk
01:28:41]} {[%emt 00:01:36]} b4 {[%clk 01:27:14]} {[%emt 00:03:01]} 9. Nce2
{[%clk 01:28:15]} {[%emt 00:00:55]} a5 {[%clk 01:26:59]} {[%emt 00:00:46]} 10.
g4 {[%clk 01:25:00]} {[%emt 00:03:46]} h5 {[%clk 01:26:16]} {[%emt 00:01:11]}
11. Ng3 {[%clk 01:22:17]} {[%emt 00:03:13]} hxg4 {[%clk 01:22:43]} {[%emt
00:04:04]} 12. h5 {[%clk 01:20:48]} {[%emt 00:01:59]} gxf3 {[%clk 01:20:29]}
{[%emt 00:02:43]} 13. Nxf3 {[%clk 01:20:16]} {[%emt 00:01:02]} Bg4 {[%clk
01:19:58]} {[%emt 00:00:57]} 14. Be2 {[%clk 01:17:20]} {[%emt 00:03:31]} gxh5
{[%clk 01:19:33]} {[%emt 00:00:54]} 15. Bh6 {[%clk 01:13:57]} {[%emt 00:03:53]}
Nh7 {[%clk 01:12:43]} {[%emt 00:07:19]} 16. Nxh5 {[%clk 01:11:35]} {[%emt
00:02:54]} Bxh5 {[%clk 01:11:31]} {[%emt 00:01:42]} 17. Rxh5 {[%clk 01:10:53]}
{[%emt 00:01:11]} e6 {[%clk 01:10:57]} {[%emt 00:01:04]} 18. Bxg7 {[%clk
01:10:26]} {[%emt 00:00:57]} Kxg7 {[%clk 01:10:27]} {[%emt 00:01:00]} 19. Qh6+
{[%clk 01:09:46]} {[%emt 00:01:09]} Kg8 {[%clk 01:10:04]} {[%emt 00:00:55]} 20.
Qxh7# {[%clk 01:09:21]} {[%emt 00:00:14]} 1-0

[Event "ODJM C 2025"]
[Site "Willingen GER"]
[Date "2025.06.11"]
[Round "5"]
[White "Volkmann, Alexej"]
[Black "Prokscha, Kilian"]
[Result "0-1"]
[Termination "normal"]
[Board "31"]
[WhiteElo "834"]
[BlackElo "970"]
[WhiteClock "01:27:43"]
[BlackClock "01:14:20"]
[PlyCount "54"]
[WhiteFideId "533006644"]
[BlackFideId "533002843"]
[EventCountry "GER"]
[EventRounds "9"]
[EventType "swiss"]
[EventDate "2025.06.07"]

1. d4 {[%clk 01:30:59]} d5 {[%clk 01:30:42]} {[%emt 00:00:18]} 2. Bf4 {[%clk
01:31:18]} {[%emt 00:00:11]} Nf6 {[%clk 01:30:57]} {[%emt 00:00:15]} 3. e3
{[%clk 01:31:40]} {[%emt 00:00:09]} e6 {[%clk 01:31:11]} {[%emt 00:00:15]} 4.
c4 {[%clk 01:32:01]} {[%emt 00:00:09]} c5 {[%clk 01:30:32]} {[%emt 00:01:09]}
5. Be2 {[%clk 01:32:18]} {[%emt 00:00:13]} Nc6 {[%clk 01:29:52]} {[%emt
00:01:11]} 6. Nc3 {[%clk 01:32:38]} {[%emt 00:00:10]} Be7 {[%clk 01:30:03]}
{[%emt 00:00:19]} 7. Nf3 {[%clk 01:32:28]} {[%emt 00:00:40]} O-O {[%clk
01:29:31]} {[%emt 00:01:01]} 8. O-O {[%clk 01:32:53]} {[%emt 00:00:05]} b6
{[%clk 01:29:00]} {[%emt 00:01:01]} 9. Nb5 {[%clk 01:30:58]} {[%emt 00:02:26]}
Ba6 {[%clk 01:27:28]} {[%emt 00:02:02]} 10. Nc7 {[%clk 01:29:43]} {[%emt
00:01:45]} Bb7 {[%clk 01:26:08]} {[%emt 00:01:49]} 11. Nxa8 {[%clk 01:29:59]}
{[%emt 00:00:13]} Bxa8 {[%clk 01:26:33]} {[%emt 00:00:05]} 12. b3 {[%clk
01:30:09]} {[%emt 00:00:22]} dxc4 {[%clk 01:25:12]} {[%emt 00:01:51]} 13. Bxc4
{[%clk 01:30:19]} {[%emt 00:00:20]} cxd4 {[%clk 01:24:06]} {[%emt 00:01:35]}
14. exd4 {[%clk 01:30:36]} {[%emt 00:00:12]} Bb4 {[%clk 01:24:20]} {[%emt
00:00:17]} 15. Rc1 {[%clk 01:30:00]} {[%emt 00:01:05]} Ba3 {[%clk 01:23:28]}
{[%emt 00:01:23]} 16. Rc2 {[%clk 01:30:00]} {[%emt 00:00:31]} Nb4 {[%clk
01:23:30]} {[%emt 00:00:24]} 17. Rc3 {[%clk 01:30:11]} {[%emt 00:00:22]} Bb2
{[%clk 01:23:48]} {[%emt 00:00:12]} 18. Re3 {[%clk 01:30:12]} {[%emt 00:00:28]}
Nfd5 {[%clk 01:21:53]} {[%emt 00:02:26]} 19. Re5 {[%clk 01:29:31]} {[%emt
00:01:11]} Nxf4 {[%clk 01:22:04]} {[%emt 00:00:19]} 20. Qd2 {[%clk 01:28:41]}
{[%emt 00:01:19]} Bxf3 {[%clk 01:19:26]} {[%emt 00:03:10]} 21. Qxf4 {[%clk
01:27:55]} {[%emt 00:01:13]} Bxd4 {[%clk 01:16:58]} {[%emt 00:03:01]} 22. Rxe6
{[%clk 01:27:08]} {[%emt 00:01:16]} fxe6 {[%clk 01:16:46]} {[%emt 00:00:43]}
23. Bxe6+ {[%emt 00:00:08]} Kh8 {[%clk 01:17:01]} {[%emt 00:00:12]} 24. Qd2
{[%clk 01:27:05]} {[%emt 00:00:59]} Be4 {[%clk 01:14:42]} {[%emt 00:02:47]} 25.
Qxb4 {[%clk 01:27:10]} {[%emt 00:00:27]} Bxf2+ {[%clk 01:14:07]} {[%emt
00:01:04]} 26. Rxf2 {[%clk 01:27:24]} {[%emt 00:00:16]} Qd1+ {[%clk 01:14:20]}
{[%emt 00:00:18]} 27. Rf1 {[%clk 01:27:43]} {[%emt 00:00:10]} Qxf1# {[%emt
00:01:29]} 0-1

[Event "ODJM C 2025"]
[Site "Willingen GER"]
[Date "2025.06.11"]
[Round "5"]
[White "Tadic, Mina"]
[Black "Fels, Henri"]
[Result "0-1"]
[Termination "normal"]
[Board "33"]
[WhiteElo "718"]
[BlackElo "940"]
[WhiteClock "01:26:45"]
[BlackClock "01:18:01"]
[PlyCount "76"]
[WhiteFideId "533031711"]
[BlackFideId "533043779"]
[EventCountry "GER"]
[EventRounds "9"]
[EventType "swiss"]
[EventDate "2025.06.07"]

1. e4 {[%clk 01:30:59]} c5 {[%clk 01:30:50]} {[%emt 00:00:11]} 2. Nf3 {[%clk
01:30:54]} {[%emt 00:00:35]} e6 {[%clk 01:30:55]} {[%emt 00:00:24]} 3. d4
{[%clk 01:30:59]} {[%emt 00:00:26]} Nc6 {[%clk 01:29:57]} {[%emt 00:01:27]} 4.
dxc5 {[%clk 01:29:56]} {[%emt 00:01:34]} Bxc5 {[%clk 01:30:12]} {[%emt
00:00:15]} 5. Nc3 {[%clk 01:30:17]} {[%emt 00:00:08]} Nf6 {[%clk 01:29:43]}
{[%emt 00:00:59]} 6. Bg5 {[%clk 01:30:12]} {[%emt 00:00:35]} Bb4 {[%clk
01:27:51]} {[%emt 00:02:23]} 7. e5 {[%clk 01:30:26]} {[%emt 00:00:15]} d5
{[%clk 01:26:36]} {[%emt 00:01:46]} 8. Nd2 {[%clk 01:29:50]} {[%emt 00:01:06]}
Nxe5 {[%clk 01:26:33]} {[%emt 00:00:33]} 9. Bb5+ {[%clk 01:29:13]} {[%emt
00:01:07]} Nc6 {[%clk 01:24:38]} {[%emt 00:02:25]} 10. Qe2 {[%clk 01:28:48]}
{[%emt 00:00:54]} Qa5 {[%clk 01:23:51]} {[%emt 00:01:18]} 11. Bxf6 {[%clk
01:28:03]} {[%emt 00:01:14]} gxf6 {[%clk 01:23:57]} {[%emt 00:00:24]} 12. Nxd5
{[%clk 01:28:21]} {[%emt 00:00:12]} Bxd2+ {[%clk 01:23:21]} {[%emt 00:01:06]}
13. Kd1 {[%clk 01:27:34]} {[%emt 00:01:18]} a6 {[%clk 01:20:59]} {[%emt
00:02:53]} 14. Nxf6+ {[%clk 01:27:20]} {[%emt 00:00:42]} Ke7 {[%clk 01:20:54]}
15. Nd5+ {[%clk 01:27:07]} {[%emt 00:01:19]} Kd8 {[%clk 01:19:29]} {[%emt
00:01:55]} 16. Nb6 {[%clk 01:25:40]} {[%emt 00:01:57]} Qxb6 {[%clk 01:15:49]}
{[%emt 00:04:10]} 17. Qxd2+ {[%clk 01:25:57]} {[%emt 00:00:11]} Qd4 {[%clk
01:15:46]} {[%emt 00:00:34]} 18. Bxc6 {[%clk 01:25:47]} {[%emt 00:00:40]} Qxd2+
{[%clk 01:16:00]} {[%emt 00:00:17]} 19. Kxd2 {[%clk 01:25:52]} {[%emt
00:00:24]} bxc6 {[%clk 01:16:10]} {[%emt 00:00:21]} 20. Kc3 {[%clk 01:25:41]}
{[%emt 00:00:40]} e5 {[%clk 01:16:08]} {[%emt 00:00:33]} 21. Rhd1+ {[%clk
01:25:55]} {[%emt 00:00:16]} Ke7 {[%clk 01:16:03]} {[%emt 00:00:35]} 22. Re1
{[%clk 01:26:02]} {[%emt 00:00:23]} f6 {[%clk 01:16:15]} {[%emt 00:00:17]} 23.
Kd3 {[%clk 01:26:23]} {[%emt 00:00:09]} Rg8 {[%clk 01:16:22]} {[%emt 00:00:23]}
24. Rg1 {[%clk 01:26:34]} {[%emt 00:00:19]} Bf5+ {[%clk 01:16:21]} {[%emt
00:00:31]} 25. Ke3 {[%clk 01:26:48]} {[%emt 00:00:16]} Bxc2 {[%clk 01:16:32]}
{[%emt 00:00:19]} 26. Rac1 {[%clk 01:26:42]} {[%emt 00:00:37]} Ba4 {[%clk
01:16:45]} {[%emt 00:00:18]} 27. Rcd1 {[%clk 01:26:40]} {[%emt 00:00:31]} Bxd1
{[%clk 01:16:56]} {[%emt 00:00:19]} 28. Rxd1 {[%clk 01:26:59]} {[%emt
00:00:10]} Rad8 {[%clk 01:16:47]} {[%emt 00:00:39]} 29. Rg1 {[%clk 01:27:13]}
{[%emt 00:00:15]} Rc8 {[%clk 01:16:23]} {[%emt 00:00:55]} 30. g4 {[%clk
01:27:07]} {[%emt 00:00:36]} a5 {[%clk 01:16:27]} {[%emt 00:00:26]} 31. f4
{[%clk 01:27:02]} {[%emt 00:00:34]} exf4+ {[%clk 01:16:33]} {[%emt 00:00:24]}
32. Kxf4 {[%clk 01:27:24]} {[%emt 00:00:07]} a4 {[%clk 01:16:48]} {[%emt
00:00:16]} 33. g5 {[%clk 01:27:48]} {[%emt 00:00:07]} fxg5+ {[%clk 01:17:08]}
{[%emt 00:00:10]} 34. Kf5 {[%emt 00:00:10]} a3 {[%emt 00:00:11]} 35. bxa3
{[%clk 01:27:01]} {[%emt 00:00:57]} c5 {[%clk 01:17:29]} {[%emt 00:00:09]} 36.
Ke4 {[%emt 00:00:11]} c4 {[%emt 00:00:10]} 37. Rc1 {[%clk 01:26:36]} {[%emt
00:00:33]} c3 {[%clk 01:17:50]} {[%emt 00:00:10]} 38. Kf5 {[%clk 01:26:45]}
{[%emt 00:00:20]} c2 {[%clk 01:18:01]} {[%emt 00:00:20]} 0-1

[Event "ODJM C 2025"]
[Site "Willingen GER"]
[Date "2025.06.11"]
[Round "5"]
[White "Giss, Marlene"]
[Black "Neumann, Charlotte"]
[Result "1-0"]
[Termination "normal"]
[Board "34"]
[WhiteElo "939"]
[BlackElo "714"]
[WhiteClock "01:22:32"]
[BlackClock "01:28:04"]
[PlyCount "73"]
[WhiteFideId "533018391"]
[BlackFideId "533043728"]
[EventCountry "GER"]
[EventRounds "9"]
[EventType "swiss"]
[EventDate "2025.06.07"]

1. c4 {[%clk 01:30:58]} e5 {[%clk 01:30:45]} {[%emt 00:00:15]} 2. g3 {[%clk
01:31:18]} {[%emt 00:00:12]} Nf6 {[%clk 01:30:56]} {[%emt 00:00:18]} 3. Bg2
{[%clk 01:31:26]} {[%emt 00:00:21]} Nc6 {[%clk 01:31:03]} {[%emt 00:00:23]} 4.
d3 {[%clk 01:31:37]} {[%emt 00:00:21]} d6 {[%clk 01:31:18]} {[%emt 00:00:13]}
5. Nf3 {[%clk 01:31:48]} {[%emt 00:00:19]} Bd7 {[%clk 01:31:15]} {[%emt
00:00:33]} 6. O-O {[%clk 01:32:00]} {[%emt 00:00:18]} Be7 {[%clk 01:31:16]}
{[%emt 00:00:29]} 7. Nbd2 {[%clk 01:31:41]} {[%emt 00:00:50]} O-O {[%clk
01:31:24]} {[%emt 00:00:21]} 8. b3 {[%clk 01:31:40]} {[%emt 00:00:32]} a6
{[%clk 01:31:08]} {[%emt 00:00:46]} 9. Bb2 {[%clk 01:31:50]} {[%emt 00:00:20]}
h6 {[%clk 01:30:54]} {[%emt 00:00:42]} 10. Rb1 {[%clk 01:30:54]} {[%emt
00:01:27]} d5 {[%clk 01:29:17]} {[%emt 00:02:07]} 11. cxd5 {[%clk 01:30:54]}
{[%emt 00:00:30]} Nxd5 {[%clk 01:29:32]} {[%emt 00:00:15]} 12. Nxe5 {[%clk
01:30:51]} {[%emt 00:00:33]} Nxe5 13. Bxe5 {[%clk 01:31:03]} f6 {[%clk
01:29:49]} {[%emt 00:00:17]} 14. Bxd5+ {[%clk 01:31:12]} {[%emt 00:00:22]} Kh8
{[%clk 01:30:35]} {[%emt 00:00:27]} 15. Bb2 {[%clk 01:31:24]} {[%emt 00:00:35]}
c6 {[%clk 01:30:55]} {[%emt 00:00:10]} 16. Bg2 {[%clk 01:31:37]} {[%emt
00:00:18]} Bb4 {[%clk 01:29:21]} {[%emt 00:02:04]} 17. Qc1 {[%clk 01:31:07]}
{[%emt 00:00:59]} Re8 {[%clk 01:28:59]} {[%emt 00:00:51]} 18. Ne4 {[%clk
01:30:30]} {[%emt 00:01:05]} b5 {[%clk 01:27:39]} {[%emt 00:01:54]} 19. Ba3
{[%clk 01:30:21]} {[%emt 00:00:39]} Ba5 {[%clk 01:27:32]} {[%emt 00:00:36]} 20.
Qc2 {[%clk 01:29:35]} {[%emt 00:01:17]} Bb6 {[%clk 01:26:34]} {[%emt 00:01:27]}
21. Bc5 {[%clk 01:29:04]} {[%emt 00:01:02]} Bc7 {[%clk 01:26:43]} {[%emt
00:00:13]} 22. Nd6 {[%clk 01:29:02]} {[%emt 00:00:40]} Re6 {[%clk 01:26:28]}
{[%emt 00:00:42]} 23. Nf7+ {[%clk 01:29:16]} {[%emt 00:00:17]} Kg8 {[%clk
01:26:45]} {[%emt 00:00:13]} 24. Nxd8 {[%clk 01:29:34]} {[%emt 00:00:13]} Re8
{[%clk 01:27:02]} {[%emt 00:00:14]} 25. Nb7 {[%clk 01:29:11]} {[%emt 00:00:53]}
Rab8 {[%clk 01:26:27]} {[%emt 00:01:04]} 26. Nd6 {[%clk 01:28:39]} {[%emt
00:01:03]} Red8 {[%clk 01:26:13]} {[%emt 00:00:43]} 27. b4 {[%clk 01:28:06]}
{[%emt 00:01:03]} Kh7 {[%clk 01:25:26]} {[%emt 00:01:17]} 28. Be4+ {[%clk
01:24:49]} {[%emt 00:03:47]} Kg8 {[%clk 01:25:45]} {[%emt 00:00:10]} 29. Qb3+
{[%clk 01:25:00]} {[%emt 00:00:20]} Kh8 {[%emt 00:00:57]} 30. Nf7+ {[%clk
01:24:27]} {[%emt 00:00:14]} Kg8 {[%clk 01:26:20]} {[%emt 00:00:15]} 31. Nxh6+
{[%clk 01:24:32]} {[%emt 00:00:25]} Kh8 {[%clk 01:26:39]} {[%emt 00:00:12]} 32.
Nf7+ {[%clk 01:23:14]} {[%emt 00:01:50]} Kg8 {[%clk 01:26:56]} {[%emt
00:00:11]} 33. Nxd8+ {[%clk 01:23:29]} {[%emt 00:00:16]} Kh8 {[%clk 01:27:18]}
{[%emt 00:00:08]} 34. Qf7 {[%clk 01:23:04]} {[%emt 00:00:55]} Rxd8 {[%clk
01:27:36]} {[%emt 00:00:10]} 35. Qg6 {[%clk 01:23:13]} {[%emt 00:00:21]} Kg8
{[%clk 01:27:42]} {[%emt 00:00:25]} 36. Bd4 {[%clk 01:22:16]} {[%emt 00:01:24]}
Kh8 {[%clk 01:28:04]} {[%emt 00:00:11]} 37. Qh7# {[%clk 01:22:32]} {[%emt
00:00:12]} 1-0

[Event "ODJM C 2025"]
[Site "Willingen GER"]
[Date "2025.06.11"]
[Round "5"]
[White "Er, Cemile"]
[Black "Steppat, Tristan"]
[Result "0-1"]
[Termination "normal"]
[Board "36"]
[WhiteElo "760"]
[BlackElo "1004"]
[WhiteClock "01:10:12"]
[BlackClock "01:29:10"]
[PlyCount "75"]
[WhiteFideId "533001871"]
[BlackFideId "533004811"]
[EventCountry "GER"]
[EventRounds "9"]
[EventType "swiss"]
[EventDate "2025.06.07"]

1. e4 {[%clk 01:30:58]} {[%emt 00:00:02]} c5 {[%clk 01:30:51]} {[%emt
00:00:09]} 2. Nc3 {[%clk 01:31:06]} {[%emt 00:00:22]} Nc6 {[%clk 01:31:13]}
{[%emt 00:00:09]} 3. Bb5 {[%clk 01:31:20]} {[%emt 00:00:16]} Nf6 {[%clk
01:31:11]} {[%emt 00:00:16]} 4. d3 {[%clk 01:31:50]} d6 {[%clk 01:31:23]}
{[%emt 00:00:33]} 5. Bg5 {[%clk 01:31:50]} {[%emt 00:00:30]} Bd7 {[%clk
01:30:51]} {[%emt 00:00:32]} 6. Nf3 {[%clk 01:31:38]} {[%emt 00:01:12]} e6
{[%clk 01:31:10]} {[%emt 00:00:11]} 7. O-O {[%clk 01:30:26]} {[%emt 00:01:42]}
Be7 {[%clk 01:30:48]} {[%emt 00:00:06]} 8. Ne2 {[%clk 01:28:46]} {[%emt
00:02:57]} a6 {[%clk 01:31:01]} {[%emt 00:00:16]} 9. Ba4 {[%clk 01:29:08]}
{[%emt 00:00:09]} b5 {[%clk 01:31:25]} {[%emt 00:00:06]} 10. Bb3 {[%clk
01:29:23]} {[%emt 00:00:14]} a5 {[%clk 01:31:48]} {[%emt 00:00:08]} 11. a4
{[%clk 01:29:16]} {[%emt 00:00:37]} c4 {[%clk 01:32:09]} {[%emt 00:00:09]} 12.
Ba2 {[%clk 01:29:37]} {[%emt 00:00:10]} cxd3 {[%clk 01:32:32]} {[%emt
00:00:05]} 13. cxd3 {[%clk 01:29:42]} {[%emt 00:00:26]} bxa4 {[%clk 01:32:53]}
{[%emt 00:00:09]} 14. Nf4 {[%clk 01:29:24]} {[%emt 00:00:49]} O-O {[%clk
01:33:10]} {[%emt 00:00:10]} 15. d4 {[%clk 01:28:07]} {[%emt 00:01:49]} h6
{[%clk 01:33:00]} {[%emt 00:00:40]} 16. Bh4 {[%clk 01:28:19]} {[%emt 00:00:18]}
Nxe4 {[%clk 01:33:10]} {[%emt 00:00:15]} 17. Qe2 {[%clk 01:28:14]} {[%emt
00:00:39]} d5 {[%clk 01:32:19]} {[%emt 00:00:17]} 18. Bb1 {[%clk 01:23:15]}
{[%emt 00:06:34]} Bxh4 {[%clk 01:31:47]} {[%emt 00:00:13]} 19. Nxh4 {[%clk
01:20:23]} {[%emt 00:04:11]} Qxh4 {[%clk 01:30:48]} {[%emt 00:00:18]} 20. f3
{[%clk 01:16:31]} {[%emt 00:05:34]} Qxf4 {[%clk 01:26:26]} {[%emt 00:03:40]}
21. Rxa4 {[%clk 01:15:28]} {[%emt 00:02:44]} Nf6 {[%clk 01:26:28]} {[%emt
00:00:17]} 22. Ra3 {[%clk 01:14:25]} {[%emt 00:01:44]} Nxd4 {[%clk 01:26:44]}
{[%emt 00:00:14]} 23. Qd3 {[%clk 01:14:29]} {[%emt 00:00:26]} Bb5 {[%clk
01:26:52]} {[%emt 00:00:22]} 24. Qd1 {[%clk 01:13:53]} {[%emt 00:01:06]} Bxf1
{[%clk 01:27:05]} {[%emt 00:00:18]} 25. Qxf1 {[%clk 01:14:14]} {[%emt
00:00:08]} Rab8 {[%clk 01:26:48]} {[%emt 00:00:48]} 26. Ra2 {[%clk 01:13:42]}
{[%emt 00:01:02]} Qd2 {[%clk 01:26:56]} {[%emt 00:00:21]} 27. b3 {[%clk
01:12:14]} {[%emt 00:01:58]} Qc3 {[%clk 01:27:04]} {[%emt 00:00:21]} 28. Bd3
{[%clk 01:11:57]} {[%emt 00:00:48]} Rxb3 {[%clk 01:27:18]} {[%emt 00:00:16]}
29. Rxa5 {[%clk 01:12:12]} {[%emt 00:00:15]} Qxa5 {[%clk 01:27:42]} {[%emt
00:00:06]} 30. Qf2 {[%clk 01:10:02]} {[%emt 00:02:40]} Qa1+ {[%clk 01:27:40]}
{[%emt 00:00:32]} 31. Bf1 {[%clk 01:10:03]} {[%emt 00:00:29]} Rb1 {[%clk
01:27:58]} {[%emt 00:00:12]} 32. h4 {[%clk 01:10:06]} {[%emt 00:00:26]} Rxf1+
{[%clk 01:28:09]} {[%emt 00:00:20]} 33. Qxf1 {[%clk 01:09:58]} {[%emt
00:00:38]} Qxf1+ {[%clk 01:28:32]} {[%emt 00:00:06]} 34. Kxf1 {[%clk 01:10:16]}
{[%emt 00:00:12]} Nh5 {[%emt 00:00:08]} 35. Kf2 {[%emt 00:00:10]} e5 {[%clk
01:28:31]} {[%emt 00:00:14]} 36. g4 {[%clk 01:10:44]} {[%emt 00:00:03]} Nf4
{[%clk 01:28:51]} {[%emt 00:00:09]} 37. Ke3 {[%clk 01:10:12]} {[%emt 00:01:02]}
Rc8 {[%clk 01:29:10]} {[%emt 00:00:09]} 38. Kxd4 {[%emt 00:00:37]} 0-1

[Event "ODJM C 2025"]
[Site "Willingen GER"]
[Date "2025.06.11"]
[Round "5"]
[White "Hasekamp, Jonas"]
[Black "Ziem, Aurelie"]
[Result "0-1"]
[Termination "normal"]
[Board "37"]
[WhiteElo "812"]
[BlackElo "786"]
[WhiteClock "01:14:37"]
[BlackClock "01:20:08"]
[PlyCount "54"]
[WhiteFideId "34685944"]
[BlackFideId "533022194"]
[EventCountry "GER"]
[EventRounds "9"]
[EventType "swiss"]
[EventDate "2025.06.07"]

1. e4 {[%clk 01:30:48]} {[%emt 00:00:02]} e5 {[%clk 01:30:54]} {[%emt
00:00:16]} 2. Bc4 {[%clk 01:31:09]} {[%emt 00:00:09]} Bc5 {[%clk 01:31:12]}
{[%emt 00:00:11]} 3. Nf3 {[%clk 01:31:29]} {[%emt 00:00:11]} Nc6 {[%clk
01:31:13]} {[%emt 00:00:28]} 4. d3 {[%clk 01:31:13]} {[%emt 00:00:36]} h6
{[%clk 01:31:03]} {[%emt 00:00:50]} 5. Be3 {[%clk 01:30:42]} Bb6 {[%clk
01:30:19]} {[%emt 00:02:14]} 6. g4 {[%clk 01:30:01]} d6 {[%clk 01:28:59]}
{[%emt 00:03:03]} 7. a4 {[%clk 01:29:46]} a6 {[%clk 01:28:31]} {[%emt
00:01:43]} 8. c3 {[%clk 01:29:19]} Bxg4 {[%clk 01:28:37]} {[%emt 00:01:21]} 9.
Ba2 {[%clk 01:29:24]} Kd7 {[%clk 01:28:28]} {[%emt 00:01:03]} 10. Qb3 {[%emt
00:02:01]} Be6 11. c4 {[%clk 01:25:59]} Bg4 {[%clk 01:27:35]} {[%emt 00:04:17]}
12. Qd1 {[%clk 01:25:00]} Nf6 {[%clk 01:26:44]} {[%emt 00:02:49]} 13. Bxb6
{[%clk 01:24:57]} cxb6 {[%clk 01:26:59]} {[%emt 00:00:49]} 14. Rg1 {[%clk
01:24:51]} Nd4 {[%clk 01:26:16]} {[%emt 00:01:48]} 15. Nbd2 {[%clk 01:24:30]}
Qc7 {[%clk 01:25:37]} {[%emt 00:01:56]} 16. c5 bxc5 {[%emt 00:02:31]} 17. Rg3
{[%clk 01:21:34]} {[%emt 00:00:55]} Qa5 {[%clk 01:24:59]} {[%emt 00:01:10]} 18.
h3 {[%clk 01:20:13]} {[%emt 00:01:07]} Bh5 {[%clk 01:24:04]} {[%emt 00:02:13]}
19. Rxg7 {[%clk 01:18:57]} Bxf3 {[%clk 01:21:35]} {[%emt 00:04:45]} 20. Qb1
{[%clk 01:16:57]} Rhf8 {[%clk 01:19:42]} {[%emt 00:04:51]} 21. Bxf7 {[%clk
01:14:37]} Rac8 {[%emt 00:02:56]} 22. Kf1 Qxd2 23. Qc1 Qe2+ 24. Kg1 Rh8 25. Qc4
Rh7 26. Bg6+ Rxg7 27. Kh2 Qxf2# {[%clk 01:20:08]} 0-1

[Event "ODJM C 2025"]
[Site "Willingen GER"]
[Date "2025.06.11"]
[Round "6"]
[White "Trush, Diana"]
[Black "Schmidt, Eric"]
[Result "1-0"]
[Termination "normal"]
[Board "1"]
[WhiteElo "1708"]
[BlackElo "1636"]
[WhiteClock "01:16:03"]
[BlackClock "00:47:07"]
[PlyCount "55"]
[WhiteFideId "34644091"]
[BlackFideId "34695419"]
[EventCountry "GER"]
[EventRounds "9"]
[EventType "swiss"]
[EventDate "2025.06.07"]

1. e4 {[%clk 01:30:57]} {[%emt 00:00:03]} c6 {[%clk 01:30:55]} {[%emt
00:00:05]} 2. d4 {[%clk 01:31:18]} {[%emt 00:00:09]} d5 {[%clk 01:31:23]}
{[%emt 00:00:03]} 3. e5 {[%clk 01:31:40]} {[%emt 00:00:08]} Bf5 {[%clk
01:31:48]} {[%emt 00:00:05]} 4. Nf3 {[%clk 01:32:01]} {[%emt 00:00:09]} e6
{[%clk 01:32:11]} {[%emt 00:00:06]} 5. Bd3 {[%clk 01:32:17]} {[%emt 00:00:14]}
Bxd3 {[%clk 01:31:55]} {[%emt 00:00:47]} 6. Qxd3 {[%clk 01:32:41]} {[%emt
00:00:06]} Ne7 {[%clk 01:32:05]} {[%emt 00:00:20]} 7. O-O {[%clk 01:32:42]}
{[%emt 00:00:29]} Nf5 {[%clk 01:32:24]} {[%emt 00:00:11]} 8. Be3 {[%clk
01:31:11]} {[%emt 00:02:00]} Qb6 {[%clk 01:31:14]} {[%emt 00:01:40]} 9. b3
{[%clk 01:31:21]} {[%emt 00:00:20]} Nd7 {[%clk 01:29:45]} {[%emt 00:01:59]} 10.
c4 {[%clk 01:26:45]} {[%emt 00:05:06]} c5 {[%clk 01:23:40]} {[%emt 00:06:35]}
11. Nc3 {[%clk 01:26:27]} {[%emt 00:00:48]} cxd4 {[%clk 01:20:31]} {[%emt
00:03:40]} 12. Nxd4 {[%clk 01:26:31]} {[%emt 00:00:26]} Nxe3 {[%clk 01:11:01]}
{[%emt 00:09:59]} 13. fxe3 {[%clk 01:26:37]} {[%emt 00:00:24]} Nxe5 {[%clk
01:09:57]} {[%emt 00:01:34]} 14. Qe2 {[%clk 01:25:13]} {[%emt 00:01:54]} Bc5
{[%clk 01:08:23]} {[%emt 00:02:04]} 15. Rad1 {[%clk 01:22:16]} {[%emt
00:03:27]} dxc4 {[%clk 01:05:50]} {[%emt 00:03:04]} 16. bxc4 {[%clk 01:22:34]}
{[%emt 00:00:12]} Nc6 {[%clk 01:02:11]} {[%emt 00:04:08]} 17. Na4 {[%clk
01:20:59]} {[%emt 00:02:05]} Nxd4 {[%clk 00:56:23]} {[%emt 00:06:18]} 18. Qf2
{[%clk 01:18:28]} {[%emt 00:03:01]} Qb4 {[%clk 00:51:29]} {[%emt 00:05:24]} 19.
Nxc5 {[%clk 01:18:36]} {[%emt 00:00:23]} Qxc5 {[%clk 00:51:41]} {[%emt
00:00:18]} 20. Qxf7+ {[%clk 01:17:27]} {[%emt 00:01:39]} Kd8 {[%clk 00:51:28]}
{[%emt 00:00:43]} 21. Rxd4+ {[%clk 01:17:50]} {[%emt 00:00:07]} Kc8 {[%clk
00:50:50]} {[%emt 00:01:06]} 22. Qd7+ {[%clk 01:17:45]} {[%emt 00:00:35]} Kb8
{[%clk 00:51:10]} {[%emt 00:00:10]} 23. Rf7 {[%clk 01:17:32]} {[%emt 00:00:44]}
Qb6 {[%clk 00:50:04]} {[%emt 00:01:36]} 24. c5 {[%clk 01:17:37]} {[%emt
00:00:24]} Qc6 {[%clk 00:46:14]} {[%emt 00:04:20]} 25. Qd8+ {[%clk 01:14:58]}
{[%emt 00:03:10]} Rxd8 {[%clk 00:46:21]} {[%emt 00:00:23]} 26. Rxd8+ {[%clk
01:15:16]} {[%emt 00:00:12]} Qc8 {[%clk 00:46:45]} {[%emt 00:00:05]} 27. Rxc8+
{[%clk 01:15:40]} {[%emt 00:00:07]} Kxc8 {[%clk 00:47:07]} {[%emt 00:00:07]}
28. Rf8+ {[%clk 01:16:03]} {[%emt 00:00:07]} 1-0